| 000 | 00384nam a22001697a 4500 | ||
|---|---|---|---|
| 003 | OSt | ||
| 005 | 20260330104408.0 | ||
| 008 | 260330b |||||||| |||| 00| 0 eng d | ||
| 020 | _a9789363985629 | ||
| 040 | _cBGL | ||
| 100 | _aSmith Adam | ||
| 245 | _aThe Wealth Of Nation | ||
| 260 |
_aNew Delhi _bNation Press _c2026 |
||
| 300 | _a976p | ||
| 650 | _aGeneral | ||
| 942 |
_2ddc _cREF |
||
| 999 |
_c44343 _d44343 |
||